000 00754nam a2200205 a 4500
001 000033884
005 20220321134734.0
008 110914s1988 dr ac 001 0 spa d
040 _aDO-SdBNP
_bspa
_cBNPHU
082 _a780.787293
_bO74t, 1988
110 2 _aOrquesta Sinfonica Nacional (Santo Domingo, República Dominicana)
_956729
245 1 0 _aTemporada 1988 :
_bTeatro Nacional.
260 _aSanto Domingo :
_bTele-3,
_c[1988].
300 _a90 p. :
_bil., retrs. ;
_c22 cm.
590 _aInventariado, 2018/LP
650 4 _aOrquestas sinfónicas
_zRepública Dominicana
_xProgramas
_959320
650 4 _aConciertos
_zRepública Dominicana
_xProgramas
_959321
650 4 _aProgramas de conciertos
_959322
910 _aValidado. Control de calidad EMS
999 _c33375
_d33375